U.S Federal Reserve Cities - Statistics

General Stats
  • This quiz has been taken 169 times
  • The average score is 10 of 12
Answer Stats
Seal Letter City % Correct
B New York
95%
L San Francisco
92%
A Boston
90%
G Chicago
90%
F Atlanta
89%
K Dallas
86%
C Philadelphia
83%
H St Louis
79%
I Minneapolis
71%
D Cleveland
65%
J Kansas City
64%
E Richmond
60%
No matching quizzes found
Score Distribution
Percent of People with Each Score
Percentile by Number Answered
Your Score History
You have not taken this quiz